New directions of environmental management in construction: accepted levels of pollution (Record no. 64818)
[ view plain ]
| 000 -LEADER | |
|---|---|
| fixed length control field | 00869cam a2200217 4500 |
| 001 - CONTROL NUMBER | |
| control field | ABS62827 |
| 008 - FIXED-LENGTH DATA ELEMENTS--GENERAL INFORMATION | |
| fixed length control field | 000000n2000 000 0 eng u |
| 035 ## - SYSTEM CONTROL NUMBER | |
| System control number | (Sirsi) u108581 |
| 100 ## - MAIN ENTRY--PERSONAL NAME | |
| Personal name | Yip, J. |
| 245 ## - TITLE STATEMENT | |
| Title | New directions of environmental management in construction: accepted levels of pollution |
| 260 ## - PUBLICATION, DISTRIBUTION, ETC. | |
| Date of publication, distribution, etc. | 2000 |
| 490 ## - SERIES STATEMENT | |
| Series statement | Structural Survey |
| Volume/sequential designation | 18(2) September 2000, 89-98(10) |
| 520 ## - SUMMARY, ETC. | |
| Summary, etc. | Argues that the traditional construction procurement and management aspects of time, quality and cost, should be augmented by a fourth dimension - the environment. Uses Hong Kong as an example and discusses the impact construction has had on the island. |
| 590 ## - LOCAL NOTE (RLIN) | |
| Local note | ABS |
| 650 ## - SUBJECT ADDED ENTRY--TOPICAL TERM | |
| Topical term or geographic name entry element | PROCUREMENT METHODS |
| 650 ## - SUBJECT ADDED ENTRY--TOPICAL TERM | |
| Topical term or geographic name entry element | POLLUTION |
| 650 ## - SUBJECT ADDED ENTRY--TOPICAL TERM | |
| Topical term or geographic name entry element | ENVIRONMENTAL MANAGEMENT |
| 650 ## - SUBJECT ADDED ENTRY--TOPICAL TERM | |
| Topical term or geographic name entry element | HONG KONG |
| 690 ## - LOCAL SUBJECT ADDED ENTRY--TOPICAL TERM (OCLC, RLIN) | |
| Topical term or geographic name as entry element | BUILDING AND CONSTRUCTION-MANAGEMENT |
| 942 ## - ADDED ENTRY ELEMENTS (KOHA) | |
| Suppress in OPAC | 0 |
| Withdrawn status | Lost status | Source of classification or shelving scheme | Damaged status | Not for loan | Home library | Current library | Shelving location | Date acquired | Total Checkouts | Full call number | Barcode | Date last seen | Copy number | Price effective from | Koha item type |
|---|---|---|---|---|---|---|---|---|---|---|---|---|---|---|---|
| Dewey Decimal Classification | London | London | Journal article | 03/10/2000 | ABS62827 | 108581-1001 | 06/08/2019 | 1 | 06/08/2019 | Journal article |